[Event "BEL-chT 1819"]
[Site "Belgium"]
[Date "2019.03.31"]
[Round "10.5"]
[White "Leenaerts, Robin"]
[Black "Lenaerts, Lennert"]
[Result "1/2-1/2"]
[WhiteElo "2243"]
[BlackElo "2362"]
[PlyCount "40"]
[EventDate "2018.09.30"]
[EventType "team-tourn"]
[EventRounds "11"]
[EventCountry "BEL"]
[SourceTitle "CBM 189 Extra"]
[Source "ChessBase"]
[SourceDate "2019.06.03"]
[SourceVersion "1"]
[SourceVersionDate "2019.06.03"]
[SourceQuality "1"]
[WhiteTeam "Brasschaat"]
[BlackTeam "Liege Crelel"]
[WhiteTeamCountry "BEL"]
[BlackTeamCountry "BEL"]

1. e4 e5 2. Nf3 Nc6 3. Bb5 g6 4. d3 Bg7 5. Bg5 Nge7 6. Nc3 h6 7. Bh4 g5 8. Bg3 d6 9. h4 g4 10. Nh2 h5 11. f3 f5 12. Bf2 gxf3 13. Nxf3 a6 14. Ba4 b5 15. Bb3 Na5 16. Ng5 Nxb3 17. axb3 f4 18. d4 Bg4 19. Qd3 0-0 20. d5 Qd7 1/2-1/2

[Event "BEL-chT 1819"]
[Site "Belgium"]
[Date "2019.02.10"]
[Round "7.5"]
[White "Sterck, Arno"]
[Black "Leenaerts, Robin"]
[Result "1-0"]
[WhiteElo "2310"]
[BlackElo "2243"]
[PlyCount "107"]
[EventDate "2018.09.30"]
[EventType "team-tourn"]
[EventRounds "11"]
[EventCountry "BEL"]
[SourceTitle "CBM 189 Extra"]
[Source "ChessBase"]
[SourceDate "2019.06.03"]
[SourceVersion "1"]
[SourceVersionDate "2019.06.03"]
[SourceQuality "1"]
[WhiteTeam "KBSK Brugge"]
[BlackTeam "Brasschaat"]
[WhiteTeamCountry "BEL"]
[BlackTeamCountry "BEL"]

1. Nf3 Nf6 2. c4 e6 3. e3 d5 4. b3 Bd6 5. Bb2 Nbd7 6. Nc3 c6 7. d4 0-0 8. Bd3 Re8 9. 0-0 Qa5 10. Qd2 dxc4 11. bxc4 Qh5 12. Ne2 Qh6 13. Ng3 Ng4 14. Rae1 b6 15. h3 Ngf6 16. Ne5 Bb7 17. f4 c5 18. d5 Rad8 19. Nxd7 Nxd7 20. e4 Ne5 21. Bc1 Nxd3 22. Qxd3 Qg6 23. Qf3 Ba6 24. e5 Be7 25. f5 exf5 26. Qf4 Bxc4 27. Qxc4 Qxg3 28. d6 Qh4 29. Bf4 Bf8 30. e6 fxe6 31. Rxe6 Kh8 32. Rh6 Re4 33. Qc3 Qxf4 34. Rxf4 Rxf4 35. Qe5 Rd4 36. Qxf5 Rd1+ 37. Kf2 gxh6 38. Qf6+ Kg8 39. Qxd8 Rxd6 40. Qc8 Rf6+ 41. Ke3 b5 42. Ke4 a6 43. g4 c4 44. a4 Rd6 45. axb5 axb5 46. h4 Rg6 47. Kf4 Rd6 48. Ke4 Rg6 49. Qd7 c3 50. Qd5+ Kg7 51. Qe5+ Kf7 52. Qxc3 Rxg4+ 53. Kf5 Rxh4 54. Qf6+ 1-0

[Event "BEL-chT 1819"]
[Site "Belgium"]
[Date "2018.10.28"]
[Round "3.2"]
[White "Leenaerts, Robin"]
[Black "Fiebig, Thomas"]
[Result "0-1"]
[WhiteElo "2243"]
[BlackElo "2424"]
[PlyCount "48"]
[EventDate "2018.09.30"]
[EventType "team-tourn"]
[EventRounds "11"]
[EventCountry "BEL"]
[SourceTitle "CBM 187 Extra"]
[Source "ChessBase"]
[SourceDate "2018.11.04"]
[SourceVersion "1"]
[SourceVersionDate "2018.11.04"]
[SourceQuality "1"]
[WhiteTeam "Brasschaat"]
[BlackTeam "KSK Rochade"]
[WhiteTeamCountry "BEL"]
[BlackTeamCountry "BEL"]

1. e4 e6 2. d4 d5 3. Nd2 Be7 4. Ngf3 Nf6 5. Bd3 c5 6. e5 Nfd7 7. c3 Nc6 8. a3 a5 9. b3 f6 10. Qe2 Nf8 11. Bb2 cxd4 12. cxd4 f5 13. Nb1 g5 14. g3 Qb6 15. Bb5 Bd7 16. h3 Rc8 17. g4 fxg4 18. hxg4 Ng6 19. Bd3 Nf4 20. Qd1 h6 21. Bc2 a4 22. b4 Nxb4 23. axb4 Qxb4+ 24. Nc3 Qxb2 0-1

[Event "BEL-chT 1718"]
[Site "Belgium"]
[Date "2018.02.25"]
[Round "7.5"]
[White "Leenaerts, Robin"]
[Black "Harff, Marcel"]
[Result "1/2-1/2"]
[WhiteElo "2215"]
[BlackElo "2369"]
[PlyCount "66"]
[EventDate "2017.09.24"]
[EventType "team-tourn"]
[EventRounds "11"]
[EventCountry "BEL"]
[SourceTitle "EXT 2019"]
[Source "ChessBase"]
[SourceDate "2018.10.10"]
[SourceVersion "1"]
[SourceVersionDate "2018.10.10"]
[SourceQuality "1"]
[WhiteTeam "Brasschaat"]
[BlackTeam "KSK Rochade"]
[WhiteTeamCountry "BEL"]
[BlackTeamCountry "BEL"]

1. e4 c5 2. Nf3 Nc6 3. Bb5 Na5 4. Nc3 a6 5. Be2 b5 6. d4 cxd4 7. Nxd4 e6 8. 0-0 Bb7 9. Qd3 Ne7 10. Bg5 Qc8 11. a4 b4 12. Na2 Nec6 13. Nf3 h6 14. Bd2 Qc7 15. Rad1 Rd8 16. c3 b3 17. Nb4 Ne5 18. Nxa6 Nxf3+ 19. Qxf3 Qc8 20. Qd3 Be7 21. Be3 Qc6 22. Nb4 Qxe4 23. Qxe4 Bxe4 24. Bb6 Ra8 25. Bb5 Bc6 26. Nxc6 dxc6 27. Be2 0-0 28. Rd7 Bf6 29. Bd4 e5 30. Bc5 Rfb8 31. Bf3 Rc8 32. Be2 Rcb8 33. Bf3 Rc8 1/2-1/2

[Event "Brasschaat op 13th"]
[Site "Brasschaat"]
[Date "2013.08.20"]
[Round "4"]
[White "Peleman, Tony"]
[Black "Leenaerts, Robin"]
[Result "0-1"]
[WhiteElo "2001"]
[BlackElo "2265"]
[PlyCount "100"]
[EventDate "2013.08.17"]
[EventType "swiss"]
[EventRounds "9"]
[EventCountry "BEL"]
[SourceTitle "CBM 156 Extra"]
[Source "ChessBase"]
[SourceDate "2013.10.22"]
[SourceVersion "1"]
[SourceVersionDate "2013.10.22"]
[SourceQuality "1"]

1. e4 c5 2. Nf3 Nc6 3. Bb5 d6 4. 0-0 Bd7 5. Re1 a6 6. Bf1 Bg4 7. d3 Nf6 8. Nbd2 e6 9. h3 Bxf3 10. Nxf3 Be7 11. c3 d5 12. Qc2 0-0 13. Bf4 d4 14. c4 Nh5 15. Bh2 g6 16. e5 Qd7 17. Nd2 f5 18. exf6 Nxf6 19. Ne4 Nxe4 20. Rxe4 Bd6 21. Rae1 Bxh2+ 22. Kxh2 Rf6 23. Qd2 Raf8 24. R1e2 Qf7 25. Kg1 Kh8 26. a3 e5 27. g3 Qg7 28. Bg2 Rf5 29. Rg4 Qc7 30. Be4 R5f6 31. Rg5 Ne7 32. Bg2 Nf5 33. Rg4 Re6 34. Qe1 Rfe8 35. Bd5 R6e7 36. Rge4 Qd6 37. Qc1 Qf6 38. b4 cxb4 39. axb4 Nd6 40. Rg4 Kg7 41. h4 Qf5 42. Rg5 Qxd3 43. Re1 Qb3 44. h5 Qxb4 45. h6+ Kh8 46. Rexe5 Rxe5 47. Rxe5 Rxe5 48. Qf4 Qb1+ 49. Kg2 Qf5 50. Qxd4 Qf6 0-1

[Event "Brasschaat op 12th"]
[Site "Brasschaat"]
[Date "2012.08.21"]
[Round "4"]
[White "Leenaerts, Robin"]
[Black "Van Riemsdijk, Herman Claudius"]
[Result "1-0"]
[WhiteElo "2218"]
[BlackElo "2404"]
[PlyCount "85"]
[EventDate "2012.08.18"]
[EventType "swiss"]
[EventRounds "9"]
[EventCountry "BEL"]
[SourceTitle "CBM 150 Extra"]
[Source "ChessBase"]
[SourceDate "2012.10.19"]
[SourceVersion "1"]
[SourceVersionDate "2012.10.19"]
[SourceQuality "1"]

1. e4 e5 2. Nf3 Nc6 3. Bb5 a6 4. Ba4 Nf6 5. 0-0 Be7 6. Re1 b5 7. Bb3 d6 8. c3 0-0 9. h3 Na5 10. Bc2 c5 11. d4 Qc7 12. d5 c4 13. Nbd2 Nb7 14. Nf1 Nc5 15. b4 cxb3 16. axb3 Bd7 17. Bd2 g6 18. Ng3 Rfc8 19. Qe2 Bf8 20. Rec1 Bg7 21. b4 Na4 22. Bxa4 bxa4 23. c4 Qd8 24. Qe3 Ne8 25. c5 f5 26. Qe1 Bb5 27. exf5 dxc5 28. fxg6 Qxd5 29. gxh7+ Kxh7 30. Ng5+ Kg8 31. Nf5 Bf8 32. Ne3 Qc6 33. Ng4 Qd5 34. Ne4 Bg7 35. bxc5 Bd3 36. Rxa4 Bxe4 37. Rxe4 Rxc5 38. Rxc5 Qxc5 39. Nxe5 Nd6 40. Bb4 Qd5 41. Bxd6 Qxd6 42. Qe2 Rd8 43. Qc4+ 1-0

[Event "Vlissingen HZ op 14th"]
[Site "Vlissingen"]
[Date "2010.08.07"]
[Round "1"]
[White "Leenaerts, Robin"]
[Black "Van Haaften, Adriaan J"]
[Result "1-0"]
[WhiteElo "2219"]
[BlackElo "1820"]
[PlyCount "57"]
[EventDate "2010.08.07"]
[EventType "swiss"]
[EventRounds "9"]
[EventCountry "NED"]
[SourceTitle "CBM 137 Extra"]
[Source "ChessBase"]
[SourceDate "2010.09.01"]
[SourceVersion "1"]
[SourceVersionDate "2010.09.01"]
[SourceQuality "1"]

1. e4 c5 2. Nf3 Nc6 3. d4 cxd4 4. Nxd4 g6 5. Nc3 Bg7 6. Be3 d6 7. Be2 Nf6 8. 0-0 0-0 9. f4 Bd7 10. Bf3 Qa5 11. Nb3 Qd8 12. Qe2 Qc8 13. h3 h5 14. Rad1 Be6 15. Nd5 Re8 16. c4 Nd7 17. Rc1 b6 18. Qf2 Nc5 19. Nxc5 dxc5 20. f5 Bxd5 21. exd5 Nd4 22. fxg6 Rf8 23. Qd2 Nf5 24. Bf4 Qd7 25. g4 hxg4 26. hxg4 Nh4 27. Qe2 Rad8 28. Bg5 Bd4+ 29. Kh1 1-0

[Event "Brasschaat 01st"]
[Site "Brasschaat"]
[Date "2009.08.21"]
[Round "7"]
[White "Leenaerts, Robin"]
[Black "Piceu, Tom"]
[Result "1-0"]
[WhiteElo "2248"]
[BlackElo "2416"]
[PlyCount "105"]
[EventDate "2009.08.15"]
[EventType "tourn"]
[EventRounds "9"]
[EventCountry "BEL"]
[EventCategory "4"]
[SourceTitle "CBM 131 Extra"]
[Source "ChessBase"]
[SourceDate "2009.09.03"]
[SourceVersion "2"]
[SourceVersionDate "2009.09.16"]
[SourceQuality "1"]

1. e4 c5 2. Nf3 d6 3. d4 cxd4 4. Nxd4 Nf6 5. Nc3 a6 6. Be2 e5 7. Nb3 Be7 8. 0-0 0-0 9. Kh1 Nbd7 10. a4 b6 11. Be3 Bb7 12. f3 Qc7 13. Qd2 Rad8 14. Rfd1 h6 15. Bf1 Nc5 16. Qf2 Nfd7 17. g4 Bg5 18. Bxg5 hxg5 19. Qd2 Nf6 20. Qxg5 Ne6 21. Qh4 d5 22. g5 Nh7 23. Nxd5 Bxd5 24. exd5 Nexg5 25. Qf2 Rd6 26. Bg2 Qc4 27. Qg3 Rfd8 28. Qxe5 Qxc2 29. Nd4 Qxb2 30. f4 Nh3 31. Nf5 Nf2+ 32. Kg1 Nxd1 33. Rxd1 Qxe5 34. fxe5 R6d7 35. d6 Nf8 36. Bc6 Ra7 37. Ne7+ Kh8 38. Rd3 g6 39. Rb3 Nd7 40. Bxd7 Rdxd7 41. Nd5 Kg7 42. Rxb6 Rdb7 43. a5 Kf8 44. Kf2 Ke8 45. Rxb7 Rxb7 46. Nb6 f6 47. e6 Rh7 48. Nd5 Rxh2+ 49. Kf3 Rh3+ 50. Kg4 Rh8 51. Nxf6+ Kf8 52. Kg5 Kg7 53. d7 1-0

[Event "Brasschaat 01st"]
[Site "Brasschaat"]
[Date "2009.08.15"]
[Round "1"]
[White "Soors, Stef"]
[Black "Leenaerts, Robin"]
[Result "1/2-1/2"]
[WhiteElo "2222"]
[BlackElo "2248"]
[PlyCount "41"]
[EventDate "2009.08.15"]
[EventType "tourn"]
[EventRounds "9"]
[EventCountry "BEL"]
[EventCategory "4"]
[SourceTitle "CBM 131 Extra"]
[Source "ChessBase"]
[SourceDate "2009.09.03"]
[SourceVersion "2"]
[SourceVersionDate "2009.09.16"]
[SourceQuality "1"]

1. e4 c5 2. c3 Nf6 3. e5 Nd5 4. d4 cxd4 5. Qxd4 e6 6. Bd3 Nc6 7. Qe4 f5 8. Qe2 d6 9. exd6 g6 10. Bc4 Qxd6 11. Na3 a6 12. Nf3 Be7 13. 0-0 0-0 14. Bh6 Re8 15. Rad1 b5 16. Bxd5 exd5 17. Rfe1 Bb7 18. c4 g5 19. cxb5 axb5 20. Qxb5 g4 21. Nc4 1/2-1/2

[Event "Brasschaat op 08th"]
[Site "Brasschaat"]
[Date "2008.08.19"]
[Round "4"]
[White "Leenaerts, Robin"]
[Black "Penson, Thierry"]
[Result "1/2-1/2"]
[WhiteElo "2205"]
[BlackElo "2282"]
[PlyCount "69"]
[EventDate "2008.08.16"]
[EventType "swiss"]
[EventRounds "9"]
[EventCountry "BEL"]
[SourceTitle "EXT 2017"]
[Source "ChessBase"]
[SourceDate "2016.10.25"]
[SourceVersion "1"]
[SourceVersionDate "2016.10.25"]
[SourceQuality "1"]

1. e4 Nf6 2. e5 Nd5 3. d4 d6 4. Nf3 g6 5. Bc4 Nb6 6. Bb3 Bg7 7. Qe2 Nc6 8. c3 0-0 9. h3 d5 10. Bf4 Bf5 11. 0-0 Qd7 12. Nbd2 a5 13. a4 Nd8 14. Qe3 Be6 15. Bh6 f6 16. Bxg7 Kxg7 17. exf6+ exf6 18. Rfe1 Re8 19. Qf4 Nf7 20. Bc2 Nd6 21. Nh2 Nbc4 22. Nxc4 Nxc4 23. b3 Nd6 24. Re2 Bf5 25. Bxf5 Qxf5 26. Qxf5 Nxf5 27. Rae1 Kf7 28. Kf1 Nd6 29. Ng4 Rxe2 30. Rxe2 Nf5 31. Ne3 Nxe3+ 32. Rxe3 Ra6 33. Re2 Rb6 34. Rb2 Rc6 35. Rc2 1/2-1/2

[Event "Vlissingen HZ op 12th"]
[Site "Vlissingen"]
[Date "2008.08.07"]
[Round "7"]
[White "Leenaerts, Robin"]
[Black "Onrust, Benny"]
[Result "1-0"]
[WhiteElo "2161"]
[BlackElo "1961"]
[PlyCount "57"]
[EventDate "2008.08.02"]
[EventType "swiss"]
[EventRounds "9"]
[EventCountry "NED"]
[SourceTitle "CBM 125 Extra"]
[Source "ChessBase"]
[SourceDate "2008.09.01"]
[SourceVersion "1"]
[SourceVersionDate "2008.09.01"]
[SourceQuality "1"]

1. e4 Nf6 2. e5 Nd5 3. d4 d6 4. Nf3 Bg4 5. Be2 e6 6. c4 Nb6 7. h3 Bh5 8. 0-0 dxe5 9. g4 e4 10. Ng5 Bg6 11. Nc3 c5 12. dxc5 Qxd1 13. Rxd1 N6d7 14. Ngxe4 Nxc5 15. Nxc5 Bxc5 16. Nb5 Na6 17. Bf3 Rb8 18. Bf4 Rd8 19. Rxd8+ Kxd8 20. Bxb7 Nb4 21. Be3 Bxe3 22. fxe3 a6 23. Rd1+ Ke7 24. Na7 Nd3 25. Nc6+ Kf6 26. h4 e5 27. b4 Ke6 28. c5 a5 29. Ba6 1-0

[Event "Vlissingen HZ op 12th"]
[Site "Vlissingen"]
[Date "2008.08.06"]
[Round "6"]
[White "Landa, Konstantin"]
[Black "Leenaerts, Robin"]
[Result "1-0"]
[WhiteElo "2615"]
[BlackElo "2161"]
[PlyCount "143"]
[EventDate "2008.08.02"]
[EventType "swiss"]
[EventRounds "9"]
[EventCountry "NED"]
[SourceTitle "CBM 125 Extra"]
[Source "ChessBase"]
[SourceDate "2008.09.01"]
[SourceVersion "1"]
[SourceVersionDate "2008.09.01"]
[SourceQuality "1"]

1. Nf3 Nf6 2. c4 Nc6 3. d4 e6 4. a3 d5 5. Nc3 dxc4 6. e4 Na5 7. Bxc4 Nxc4 8. Qa4+ c6 9. Qxc4 a5 10. Bf4 Bd7 11. 0-0 b5 12. Qd3 Qb6 13. b4 Qb7 14. Rab1 axb4 15. axb4 Be7 16. Rb3 0-0 17. Bg5 h6 18. Bh4 g5 19. Nxg5 hxg5 20. Bxg5 Be8 21. e5 Nh5 22. Bxe7 Qxe7 23. g4 Nf4 24. Qg3 Nd5 25. Ne4 f6 26. f4 fxe5 27. dxe5 Qa7+ 28. Kg2 Qd4 29. Nf6+ Nxf6 30. exf6 Ra2+ 31. Rf2 Rxf2+ 32. Qxf2 Qxf6 33. Kg3 e5 34. f5 Bf7 35. Re3 Ra8 36. Qb2 Re8 37. h4 Qd6 38. g5 Bh5 39. Qb3+ Kh8 40. Rd3 Qf8 41. f6 Rd8 42. Qc3 e4 43. Rxd8 Qxd8 44. Kf4 Qd6+ 45. Kxe4 Bf7 46. Qd4 Qg3 47. Qd8+ Kh7 48. Qf8 Qxh4+ 49. Kf5 Qf2+ 50. Ke4 Qc2+ 51. Kd4 Qc4+ 52. Ke5 Qd5+ 53. Kf4 Qc4+ 54. Ke5 Qd5+ 55. Kf4 Qd2+ 56. Kf5 Bg6+ 57. Ke6 Qe3+ 58. Kd6 Qd4+ 59. Kxc6 Be4+ 60. Kxb5 Qd7+ 61. Ka5 Qc7+ 62. Kb5 Bd3+ 63. Ka4 Qc6+ 64. Ka3 Qc1+ 65. Ka4 Qa1+ 66. Kb3 Qb1+ 67. Ka3 Qc1+ 68. Ka4 Qc6+ 69. Ka3 Qa6+ 70. Kb2 Kg6 71. Qh6+ Kf5 72. f7 1-0

[Event "BEL-ch"]
[Site "Eupen"]
[Date "2008.07.10"]
[Round "6"]
[White "Hovhannisyan, Mher"]
[Black "Leenaerts, Robin"]
[Result "0-1"]
[WhiteElo "2458"]
[BlackElo "2161"]
[PlyCount "64"]
[EventDate "2008.07.05"]
[EventType "swiss"]
[EventRounds "9"]
[EventCountry "BEL"]
[SourceTitle "CBM 125 Extra"]
[Source "ChessBase"]
[SourceDate "2008.09.01"]
[SourceVersion "1"]
[SourceVersionDate "2008.09.01"]
[SourceQuality "1"]

1. d4 Nf6 2. c4 e6 3. Nc3 Bb4 4. e3 b6 5. Nge2 Ba6 6. a3 Be7 7. Nf4 d5 8. cxd5 Bxf1 9. dxe6 Ba6 10. exf7+ Kxf7 11. e4 c5 12. d5 Bd6 13. Ne6 Qe7 14. f4 Nbd7 15. Qf3 Rhe8 16. g4 Nf8 17. f5 Kg8 18. Bf4 N6d7 19. 0-0-0 b5 20. g5 b4 21. Nb1 Ne5 22. Qg3 Nxe6 23. dxe6 Nd3+ 24. Rxd3 Bxf4+ 25. Qxf4 Bxd3 26. Rd1 c4 27. axb4 Rab8 28. b5 Rxb5 29. Rd2 Ra5 30. f6 Qxe6 31. Qc7 Rxg5 32. Rf2 gxf6 0-1

[Event "BEL-ch"]
[Site "Eupen"]
[Date "2008.07.08"]
[Round "4"]
[White "Leenaerts, Robin"]
[Black "Laurent, Bruno"]
[Result "0-1"]
[WhiteElo "2161"]
[BlackElo "2339"]
[PlyCount "52"]
[EventDate "2008.07.05"]
[EventType "swiss"]
[EventRounds "9"]
[EventCountry "BEL"]
[SourceTitle "CBM 125 Extra"]
[Source "ChessBase"]
[SourceDate "2008.09.01"]
[SourceVersion "1"]
[SourceVersionDate "2008.09.01"]
[SourceQuality "1"]

1. e4 e6 2. d4 d5 3. Nc3 Nf6 4. Bg5 Be7 5. e5 Nfd7 6. h4 Nc6 7. Qg4 f6 8. Be3 fxe5 9. Be2 Nf6 10. Qxg7 Rg8 11. Bh5+ Kd7 12. Qf7 exd4 13. Nf3 Rf8 14. Qg7 dxc3 15. Bf7 Rxf7 16. Qxf7 cxb2 17. Rd1 Qf8 18. Qxf8 Bxf8 19. h5 Ne4 20. Ng5 Nc3 21. Kd2 Bb4 22. Kd3 b6 23. Bd4 Ba6+ 24. Ke3 Nxd1+ 25. Rxd1 Nxd4 26. Kxd4 Bd2 0-1

[Event "BEL-ch"]
[Site "Eupen"]
[Date "2008.07.06"]
[Round "2"]
[White "Leenaerts, Robin"]
[Black "Van der Stricht, Geert"]
[Result "1-0"]
[WhiteElo "2161"]
[BlackElo "2426"]
[PlyCount "55"]
[EventDate "2008.07.05"]
[EventType "swiss"]
[EventRounds "9"]
[EventCountry "BEL"]
[SourceTitle "CBM 125 Extra"]
[Source "ChessBase"]
[SourceDate "2008.09.01"]
[SourceVersion "1"]
[SourceVersionDate "2008.09.01"]
[SourceQuality "1"]

1. e4 c5 2. Nf3 d6 3. d4 cxd4 4. Nxd4 Nf6 5. Nc3 a6 6. Bg5 e6 7. f4 Be7 8. Qf3 Qc7 9. 0-0-0 Nbd7 10. g4 b5 11. Bxf6 Nxf6 12. g5 Nd7 13. f5 Nc5 14. f6 gxf6 15. gxf6 Bf8 16. Rg1 h5 17. Re1 Bb7 18. Bh3 Nd7 19. Bxe6 Ne5 20. Qf5 fxe6 21. Nxe6 Qf7 22. Nd5 Rc8 23. Rg7 Bxg7 24. Nxg7+ Kd8 25. Ne6+ Ke8 26. Ng5 Qf8 27. f7+ Nxf7 28. Qe6+ 1-0